000 00628nam a2200181 i 4500
001 46109
003 ES-MaACL
005 20250828084002.0
007 t|
008 030328q1957 fr ||||1| fre d
111 2 _aConférence Internationale de l'Instruction Publique (
_n20ª.
_d1957.
_cGenève)
_9158
245 1 0 _aPreparation des professeurs chargés de la formation des maîtres primaires.
260 _aParis, etc. :
_bBureau International d'Education,
_c[1957?]
300 _a218 p. ;
_c24 cm.
710 2 0 _aOficina Internacional de Educación
_96022
852 _aES-MaACL
_jC-12922
_bR.41244
999 _c46109
_d46109